| 000 | 00524cam a2200169 a 4500 | ||
|---|---|---|---|
| 020 | _a0072885793 (softcover : alk. paper) | ||
| 040 | _cDLC | ||
| 082 | 0 | 0 | _a302 HIL 2005 A016 Or. |
| 100 | 1 | _aDominick, Joseph R. | |
| 245 | 1 | 4 |
_aThe dynamics of mass communication : _bmedia in the digital age / |
| 250 | _a8th ed. | ||
| 260 |
_aNew York : _bMcGraw-Hill, _cc2005. |
||
| 300 |
_axxiv, 494, [18] p. : _bill. (some col.) ; _c26 cm. + _e2 CD-ROMs (4 3/4 in.) |
||
| 500 | _aIncludes index. | ||
| 650 | 0 | _aMass media. | |
| 942 | _cEK | ||
| 999 |
_c11676 _d11676 |
||